| 000 | 00838nam a2200241 i 4500 | ||
|---|---|---|---|
| 001 | 128136 | ||
| 003 | ES-MaACL | ||
| 005 | 20230906193155.0 | ||
| 007 | t| | ||
| 008 | 070622s1978 sp ||||1| spa d | ||
| 080 | _a946.9"1974/..."(093.32) | ||
| 100 | 1 |
_aCarvalho, Otelo Saraiva de. _935963 |
|
| 245 | 1 | 3 |
_aMemorias de abril / _cOtelo Saraiva de Carvalho ; [traducción del portugués de Humberto da Cruz y Mª Carmen Espinar]. |
| 260 |
_a[Barcelona] : _bIniciativas Editoriales, _c[1978] |
||
| 300 |
_a377 p. ; _c22 cm. |
||
| 490 | 1 | _aEl Viejo topo | |
| 651 | 4 |
_aPortugal- _xHistoria- _y1974 (Revolución)- _vRelatos personales. _99261 |
|
| 700 | 1 |
_aCruz, Humberto da. _941792 |
|
| 700 | 1 |
_aEspinar, María Carmen. _947844 |
|
| 830 | 0 |
_aEl Viejo topo _9183477 |
|
| 852 |
_aES-MaACL _jA-9810 _bR.98605 |
||
| 999 |
_c128136 _d128136 |
||